000 00806 a2200253 4500
003 dpl
005 20180901141200.0
008 090604t xxu||||| |||| 00| 0 eng d
010 _aENG-85252,B- 58667
020 _a8189020544
_c295.00
035 _aEN-68785, B-58667
037 _bD.B.Act / Pub
040 _adpl
_bEnglish
_cdpl
082 _a881
100 _aAbdul Latif Shah
245 _aSeeking the beloved
_cShah Abdul Latif ; translated from the Sindhi by Anju Makhija and Hari Dilgir.
260 _aNew Delhi
_bKatha
_c2005.
270 _aA3, Sarvodaya Enclave, Sri Aurobindo Marg
_bNew Delhi
_cDelhi
_e110017
_k26524350
_mkathavilasam@katha.org
300 _a283 p.
_c20 cm. (Hb)
500 _aPoems
700 _aMakhija, Anju.
700 _aHari Diligiru.
942 _adpl
_cEN
_k881 / ABD
_2ddc
999 _c1846
_d1846